Valaprayoga suparsa-Online aayum mobile app vazhiyum (Record no. 72048)

MARC details
000 -LEADER
fixed length control field 00322nam a2200133Ia 4500
100 ## - MAIN ENTRY--AUTHOR NAME
Personal name Jacob J
245 #0 - TITLE STATEMENT
Title Valaprayoga suparsa-Online aayum mobile app vazhiyum
260 ## - PUBLICATION, DISTRIBUTION, ETC. (IMPRINT)
Name of publisher Rubber
Year of publication 2017
300 ## - PHYSICAL DESCRIPTION
Number of Pages 13-Oct
650 ## - SUBJECT ADDED ENTRY--TOPICAL TERM
Topical Term Mobile app
650 ## - SUBJECT ADDED ENTRY--TOPICAL TERM
Topical Term RubSis
942 ## - ADDED ENTRY ELEMENTS (KOHA)
Koha item type Journals
Holdings
Withdrawn status Lost status Damaged status Not for loan Home library Current library Shelving location Date acquired Serial Enumeration / chronology Koha item type
      Journals RRII Library RRII Library Agronomy 17/12/2021 Volume 620, Issue Nov Journals